<?xml version="1.0" encoding="UTF-8"?><?xml-stylesheet type="text/xsl" href="static/style.xsl"?><OAI-PMH xmlns="http://www.openarchives.org/OAI/2.0/" xmlns:xsi="http://www.w3.org/2001/XMLSchema-instance" xsi:schemaLocation="http://www.openarchives.org/OAI/2.0/ http://www.openarchives.org/OAI/2.0/OAI-PMH.xsd"><responseDate>2026-06-01T14:49:43Z</responseDate><request verb="GetRecord" identifier="oai:riuma.uma.es:10630/6650" metadataPrefix="marc">https://riuma.uma.es/rest/oai/request</request><GetRecord><record><header><identifier>oai:riuma.uma.es:10630/6650</identifier><datestamp>2026-02-03T12:52:34Z</datestamp><setSpec>com_10630_5701</setSpec><setSpec>com_10630_3139</setSpec><setSpec>com_10630_10</setSpec><setSpec>col_10630_6640</setSpec></header><metadata><record xmlns="http://www.loc.gov/MARC21/slim" xmlns:dcterms="http://purl.org/dc/terms/" xmlns:doc="http://www.lyncode.com/xoai" xmlns:xsi="http://www.w3.org/2001/XMLSchema-instance" xsi:schemaLocation="http://www.loc.gov/MARC21/slim http://www.loc.gov/standards/marcxml/schema/MARC21slim.xsd">
   <leader>00925njm 22002777a 4500</leader>
   <datafield ind2=" " ind1=" " tag="042">
      <subfield code="a">dc</subfield>
   </datafield>
   <datafield ind2=" " ind1=" " tag="720">
      <subfield code="a">Ruiz-Garrido, María Belén</subfield>
      <subfield code="e">author</subfield>
   </datafield>
   <datafield ind2=" " ind1=" " tag="260">
      <subfield code="c">2006</subfield>
   </datafield>
   <datafield ind2=" " ind1=" " tag="520">
      <subfield code="a">La figura de Cleopatra ocupa un lugar preferente dentro del universo iconográfico femenino.&#xd;
En la creación del mito, cuya imagen histórica aparece teñida de una buena dosis de leyenda,&#xd;
han participado activamente los artistas a través de la proyección de sus miradas. La soberana&#xd;
de Egipto ofrece los ingredientes más sabrosos para inspirar y alimentar las inquietudes, deseos&#xd;
y sueños masculinos. Desde esta perspectiva, el ejercicio del poder por parte de una mujer&#xd;
no podía entenderse sin la utilización consciente de los componentes estereotipados de la&#xd;
feminidad. Cleopatra, como portadora de una rara y exótica belleza, de un desenfrenado apetito&#xd;
sexual y de pasiones extremas, se convierte en la reina de la seducción que arrastra, arrasa y,&#xd;
finalmente, lleva a la muerte. El país del Nilo brinda, además, el escenario perfecto para los&#xd;
gustadores de lo exótico. El presente trabajo aborda las posibilidades estéticas y expresivas del&#xd;
mito a través de una selección de la producción plástica y cinematográfica más significativa.</subfield>
   </datafield>
   <datafield ind2=" " ind1=" " tag="520">
      <subfield code="a">The figure of Cleopatra has a special place in the female iconographic universe. Her&#xd;
historical image has been frequently tinged with legend, in whose creation artists have taken an&#xd;
active part through their gazes. The sovereign of Egypt provides the most delicious ingredients&#xd;
to inspire and nurture the male interests, desires and dreams. From this point of view the&#xd;
women’s practise of power cannot be understood without the conscious use of the female&#xd;
stereotyped elements. Cleopatra with her rare and exotic beauty, her insatiable sexual appetite&#xd;
and her extreme passion turns into seduction queen who draws, destroyes and finally leads to&#xd;
death. The Nile country offers also the perfect location for those who enjoy exotic things. This&#xd;
essay deals with the aesthetics and expressive possibilities of the legend through a selection of&#xd;
the most significant plastic and film works.</subfield>
   </datafield>
   <datafield ind1="8" ind2=" " tag="024">
      <subfield code="a">RUIZ GARRIDO, BELEN "Yo soy Egipto" El poder y la seducción de Cleopatra en las artes plásticas y en el cine. Baetica, 28 (1), 2006, 167-194</subfield>
   </datafield>
   <datafield ind1="8" ind2=" " tag="024">
      <subfield code="a">0212-5099</subfield>
   </datafield>
   <datafield ind1="8" ind2=" " tag="024">
      <subfield code="a">http://hdl.handle.net/10630/6650</subfield>
   </datafield>
   <datafield tag="653" ind2=" " ind1=" ">
      <subfield code="a">Cleopatra, Reina de Egipto (51-30 a.C.)</subfield>
   </datafield>
   <datafield ind2="0" ind1="0" tag="245">
      <subfield code="a">"Yo soy Egipto" El poder y la seducción de Cleopatra en las artes plásticas y en el cine</subfield>
   </datafield>
</record>
</metadata></record></GetRecord></OAI-PMH>